A Textbook Systems Biology (Record no. 24773)
[ view plain ]
| 000 -LEADER | |
|---|---|
| fixed length control field | 00312nam a22000977a 4500 |
| 008 - FIXED-LENGTH DATA ELEMENTS--GENERAL INFORMATION | |
| fixed length control field | 150401b xxu||||| |||| 00| 0 eng d |
| 020 ## - INTERNATIONAL STANDARD BOOK NUMBER | |
| International Standard Book Number | 978-3-527-31874-2 |
| Terms of availability | Available |
| 082 ## - DEWEY DECIMAL CLASSIFICATION NUMBER | |
| Classification number | 572.8028KLI |
| Author Mark | 002850 |
| 245 ## - TITLE STATEMENT | |
| Title | A Textbook Systems Biology |
| Statement of responsibility, etc. | Klipp Edda |
| Medium | English |
| 260 ## - PUBLICATION, DISTRIBUTION, ETC. | |
| Place of publication, distribution, etc. | Germany |
| Name of publisher, distributor, etc. | Wiley-Vch Verlag GmbH&Co KGaA |
| Date of publication, distribution, etc. | 2009 |
| Withdrawn status | Lost status | Source of classification or shelving scheme | Damaged status | Not for loan | Permanent Location | Current Location | Shelving location | Date acquired | Total Checkouts | Full call number | Barcode | Date last seen | Date last checked out | Price effective from | Koha item type |
|---|---|---|---|---|---|---|---|---|---|---|---|---|---|---|---|
| Central Library (CL) | Central Library (CL) | 04/01/2015 | 2 | 572.8028KLI | RCMS002850 | 04/16/2026 | 03/12/2026 | 04/01/2015 | Book |
